000 00414 a2200157 4500
020 _a9788176755115
082 _aH1
_bMAN/A
100 _aMangalesh Dabral
_9111088
245 _aAadhar chayan:
_bkavitayen/
_cby Mangalesh Dabral
260 _bAadhar,
_aHaryana:
_c2015.
300 _a168p.
650 _aHindi Poetry
_9111089
650 _aLiterature Hindi
_9111090
650 _aLiterature
_9111091
942 _cBK
999 _c139854
_d139854